000 00609nam a2200193 i 4500
001 147651
003 ES-MaACL
005 20230906202204.0
007 t|
008 071004s1973 sp ||||1| spa d
100 1 _aUrban, G.R.
_9112065
245 1 0 _aSobreviviremos a nuestro futuro? /
_cG.R. Urban y la colaboración de Michael Glenny ; [traducción de Francisco Elías].
250 _a[1ª ed.].
260 _a[Barcelona] :
_bPlaza & Janés,
_c[1973]
300 _a420 p. ;
_cil.
700 1 _aElías, Francisco.
_946960
700 1 _aGlenny, Michael.
_957433
852 _aES-MaACL
_jC-55217
_bR.87746
999 _c147651
_d147651